000 00265nam a22001217a 4500
020 _a0-09-906350-6
082 _a808.3 CAR'D
100 _aCARTLAND, BARBARA
_911921
245 _aTHE DREAM WITHIN
260 _aLONDON
_bARROW
_c1977
300 _a255P
942 _cBK
999 _c581457
_d581457